000 01057cam a2200253 i 4500
003 SA-RiAUC
005 20260114143525.0
008 260101s1926 su g 000r0 ara c
040 _aSA-RiAUC
_bara
_cSA-RiAUC
_erda
043 _aa-su---
082 0 4 _a953.121
090 _aم ن 953.121
_bص و ت
245 0 0 _aصوت أم القرى وهو التقرير المرفوع من أهالي مكة المكرمة أثر ظهور الثورات منها إلى وفد جمعية الخلافة الذي قدم إليها في حج عام 1343 هـ.
264 1 _aمكة المكرمة :
_bقلم الاستخبارات الحجازي،
_c[1926]
300 _a19 صفحة ؛
_c22 سم
336 _aنص
_btxt
_2rdacontent
_3كتاب
337 _aبدون وسيط
_bn
_2rdamedia
338 _aمجلد
_bnc
_2rdacarrier
650 7 _aالحج
_2aucsh
651 7 _aالحجاز (السعودية)
_xتاريخ
_2aucsh
651 7 _aمكة المكرمة
_xتاريخ
_2aucsh
942 _2ddc
_cRBOOK COPY
_n0
949 _aSA-JeALM
_d260101
_umohamedma123
_n1
999 _c14077
_d14077